000 00510nam a2200181 i 4500
001 130121
003 ES-MaACL
005 20231027063021.0
007 t|
008 070719s1952 sp ||||1| spa d
100 1 _aZweig, Stefan,
_d1881-1942
_9118562
245 1 0 _aArdiente secreto
_b: novela /
_cStefan Zweig.
250 _a[1ยช ed.].
260 _aBarcelona :
_bEdita,
_c[1952] (
_fHostench)
300 _a164 p. ;
_c19 cm.
852 _aES-MaACL
_jD-8132
_bR.32404
999 _c130121
_d130121